Žena medzi kráľmi /

Hlavní autor: Lenčo, Ján, 1933-2012
Jazyk: Slovenština
Vydáno: Bratislava : Slovenský spisovateľ, 1985
Vydání: 1. vyd.
Edice: Nová próza (Slovenský spisovateľ)
Fyzický popis: 478 s.
Knihy
Uloženo v:
LEADER 00723nam a2200229 a 4500
001 000435164
003 CZ BrMZK
005 20090313100319.0
007 ta
008 990305s1985 xo f slo d
040 |a BOA001  |b cze 
080 |a 885.4-311.6  |2 MRF 
100 1 |a Lenčo, Ján,  |d 1933-2012  |7 jo20010084531  |4 aut 
245 1 0 |a Žena medzi kráľmi /  |c Ján Lenčo ; ilustrovala Beata Nágelová 
250 |a 1. vyd. 
260 |a Bratislava :  |b Slovenský spisovateľ,  |c 1985 
300 |a 478 s. 
490 1 |a Nová próza 
830 0 |a Nová próza (Slovenský spisovateľ) 
910 |a BOA001  |b 2-0889.065 
990 |a BK 
996 7 |b 2619287428  |c 2-0889.065  |l MZK  |r Sklad / do 1 hodiny  |n 0  |w 000435164  |u 000010  |a 1  |e BOA001  |j MZK50  |s A